Modern Stoves For All (Record no. 2713)

MARC details
000 -LEADER
fixed length control field 00266nam a22001217a 4500
041 ## - LANGUAGE CODE
Language code of text/sound track or separate title ENG
100 ## - MAIN ENTRY--PERSONAL NAME
Personal name waclaw Micuta
245 ## - TITLE STATEMENT
Title Modern Stoves For All
260 ## - PUBLICATION, DISTRIBUTION, ETC. (IMPRINT)
Place of publication, distribution, etc Delhi
Name of publisher, distributor, etc Bellerive Foundation
Date of publication, distribution, etc 1981
300 ## - PHYSICAL DESCRIPTION
Extent 60
650 ## - SUBJECT ADDED ENTRY--TOPICAL TERM
Topical term or geographic name as entry element EOES (12)
856 ## - ELECTRONIC LOCATION AND ACCESS
Uniform Resource Identifier EOES (12)
Holdings
Withdrawn status Lost status Source of classification or shelving scheme Damaged status Not for loan Home library Current library Shelving location Date acquired Total Checkouts Barcode Date last seen Price effective from Koha item type
    Dewey Decimal Classification     College of Agricultural Engineering and Technology, Dapoli , Library College of Agricultural Engineering and Technology, Dapoli , Library Book Cart 09/12/2021   G00172 09/12/2021 09/12/2021 Books

Contact Us: College of Agricultural Engineering and Technology, Dapoli, Dist.- Ratnagiri
Website: https://dbskkv.org Email: caetlibrary2015@gmail.com